UM Logo

Inflation impact of new tax law minimal, says DOF/ (Record no. 11122)

MARC details
000 -LEADER
fixed length control field 00372nam a2200121 4500
008 - FIXED-LENGTH DATA ELEMENTS--GENERAL INFORMATION
fixed length control field 181012b ||||| |||| 00| 0 eng d
100 ## - MAIN ENTRY--PERSONAL NAME
9 (RLIN) 32149
Personal name Padin, Mary Grace
245 ## - TITLE STATEMENT
Title Inflation impact of new tax law minimal, says DOF/
Statement of responsibility, etc. Mary Grace Padin
260 ## - PUBLICATION, DISTRIBUTION, ETC. (IMPRINT)
Place of publication, distribution, etc. Philippines
Name of publisher, distributor, etc. The Philippine Star
Date of publication, distribution, etc. c2018
300 ## - PHYSICAL DESCRIPTION
Extent page B4.
650 #0 - SUBJECT ADDED ENTRY--TOPICAL TERM
9 (RLIN) 32150
Topical term or geographic name as entry element Finance.
942 ## - ADDED ENTRY ELEMENTS (KOHA)
Source of classification or shelving scheme Dewey Decimal Classification
Koha item type Periodicals
Holdings
Withdrawn status Lost status Source of classification or shelving scheme Damaged status Not for loan Collection code Home library Current library Date acquired Total Checkouts Date last seen Price effective from Koha item type Public note
    Dewey Decimal Classification     Periodicals UM Digos College - LIC UM Digos College - LIC 10/12/2018   10/12/2018 10/12/2018 Periodicals Newspaper Clippings